| 000 | 00742nam a2200205 i 4500 | ||
|---|---|---|---|
| 001 | 21668 | ||
| 003 | ES-MaACL | ||
| 005 | 20250911063528.0 | ||
| 007 | t| | ||
| 008 | 021127s1973 sp ||||1| spa d | ||
| 100 | 1 |
_aAlbiñana García-Quintana, César, _d1920-2007 _919384 |
|
| 245 | 1 | 3 |
_aLa empresa pública industrial en España _b: el INI / _cdirección, César Albiñana García-Quintana. |
| 260 |
_a[Madrid] : _bInstituto de Estudios Fiscales, _c[1973] |
||
| 300 |
_a365 p. ; _c19 cm. |
||
| 594 | _aPrecede al tít.: Ministerio de Hacienda. | ||
| 610 | 2 | 4 |
_aInstituto Nacional de Industria (España) _93953 |
| 650 | 0 | 4 |
_aEmpresas públicas- _zEspaña _912232 |
| 852 |
_aES-MaACL _jL-720 _bR.101525 |
||
| 999 |
_c21668 _d21668 |
||